| 000 | 00378nam a2200145Ia 4500 | ||
|---|---|---|---|
| 008 | 211109s9999||||xx |||||||||||||| ||und|| | ||
| 082 |
_a820.9 _bSNE-A |
||
| 100 | _aSnell, F G | ||
| 245 | 0 | _aAge of Transition, 1400-1580 | |
| 260 |
_bG.Bell and Sons _aLondon _c1920 |
||
| 300 | _a225p. | ||
| 630 | _xPOST GRADUATE REFERENCE | ||
| 650 |
_aEnglish Litertaure _xEnglish |
||
| 942 | _cBOOK | ||
| 999 |
_c113 _d113 |
||